|
|
|
|
| LEADER |
00000nam0a2200000 4500 |
| 001 |
262894 |
| 005 |
20231101233708.0 |
| 020 |
|
|
|a RU
|b 88-61476
|
| 035 |
|
|
|a (RuTPU)RU\TPU\book\285878
|
| 090 |
|
|
|a 262894
|
| 100 |
|
|
|a 20140604d1987 k y0rusy5003 ca
|
| 101 |
0 |
|
|a rus
|
| 102 |
|
|
|a RU
|
| 105 |
|
|
|a a z 000zy
|
| 200 |
1 |
|
|a Методические рекомендации по разработке проектных решений по комплексной организации труда работников инженерных служб геологических организаций
|f Всесоюзный научно-исследовательский институт экономики минерального сырья и геологоразведочных работ (ВИЭМС)
|
| 210 |
|
|
|a Москва
|c Изд-во ВИЭМС
|d 1987
|
| 215 |
|
|
|a 163 с.
|c схем.
|
| 606 |
1 |
|
|a Геологоразведочные работы
|x Производительность труда
|2 stltpush
|3 (RuTPU)RU\TPU\subj\6145
|9 34101
|
| 610 |
1 |
|
|a инженеры
|
| 610 |
1 |
|
|a организация труда
|
| 610 |
1 |
|
|a проектирование
|
| 610 |
1 |
|
|a техники
|
| 610 |
1 |
|
|a геологические организации
|
| 610 |
1 |
|
|a типовые решения
|
| 675 |
|
|
|a 550.8.02:658.3
|z rus
|v 3
|
| 712 |
0 |
2 |
|a Всесоюзный научно-исследовательский институт экономики минерального сырья и геологоразведочных работ (ВИЭМС)
|2 stltpush
|3 (RuTPU)RU\TPU\col\8802
|
| 801 |
|
0 |
|a RU
|b RuMRKP
|c 19950417
|g psbo
|
| 801 |
|
1 |
|a RU
|b 63413507
|c 20140604
|
| 801 |
|
2 |
|a RU
|b 63413507
|c 20150219
|g RCR
|
| 942 |
|
|
|c BK
|